Language Quiz

Random Language Quiz

HABER in different tenses Quiz Stats

Quiz not verified by Sporcle

Challenge
Share
Tweet
Embed
Score 0/18 Timer 10:00
0 Plays Today
Sentence subjunctive form haber % Correct
No tengo lápiz rojo, y tampoco ___ bolígrafos rojos.???
55.6%
Hoy en día en Plymouth, ___ pocos problemas con las drogas, pero no sabemos que nos traerá el mañana.???
44.4%
Hoy en día, ___ tantos programas de tele que tengo dificultad en escoger.???
44.4%
Ayer ___ una pelea en la cafetería, pero en fin resolvieron todo.???
33.3%
Ayer ___ una tormenta inmensa que dejó muchos árboles caídos.???
33.3%
Cuando miré la tarea, alguien ya ___ escrito todas las respuestas.???
33.3%
Cuando entré en el comedor, ___ cuatro platos en la mesa.???
33.3%
___ varios alumnos hablando cuando la profesora entró.???
33.3%
Dudo que ___ fantasmas en el auditorio.???
33.3%
Sentence subjunctive form haber % Correct
No creo que ese muchacho ___ hecho la tarea por si solo.???
33.3%
???
25%
???
25%
Anoche ___ una película excelente en el canal 22.???
22.2%
___ poca gente en el centro comercial a las nueve de la mañana, cuando yo llegué.???
22.2%
Hoy en día, pocos alumnos fuman, pero antes ___ muchos.???
22.2%
Dudo que ___ muchos locutores que son perfectamente imparciales.???
22.2%
???
12.5%
???
12.5%

You're not logged in!

Compare scores with friends on all Sporcle quizzes.
Sign Up with Email
OR
Log In

You Might Also Like...

Show Comments

Extras

Top Quizzes Today


Score Distribution

Your Account Isn't Verified!

In order to create a playlist on Sporcle, you need to verify the email address you used during registration. Go to your Sporcle Settings to finish the process.